00835nam a2200181 a 450000100100000000500170001000800410002704000250006808200150009310000310010824500780013926000360021730000290025350001550028259000260043795201730046399900170063600004902420201002061609.0190715s1986 sp b r 000 0 spa d aDO-SdBNPbspacBNPHU axxxxbE74i1 aEscarpanter, José96834710aIntroducción a la moderna gramática española /cJosé Escarpanter. aSanto Domingo :bPlayor,c1986. a270 p. :bmap. ;c25 cm. aUna aproximación estructural a la gramática. Un libro claro, práctico, lleno de ejercicios, que le permiten dominar la estructura del español. aInventariado, 2019/BT 001050718MOaPDbPDcHDd2019-07-15iLF1l0oxxxx E74ip49025-10r2020-06-25w2020-06-25y1zPerteneció a la biblioteca personal de Bárbara Suncar.ZNo se presta c48512d48512